| 000 | 00959nam a22002537a 4500 | ||
|---|---|---|---|
| 008 | 130821s1993 sp gr spa | ||
| 020 | _a8476762380 | ||
| 040 |
_aCo-BoUCM _bspa |
||
| 041 | 0 | 0 | _aspa |
| 100 | 1 |
_aMeyer, Philip _d1930- _9171735 |
|
| 245 | 1 | 0 |
_aPeriodismo de precisión nuevas fronteras para la investigación periodística _cPhilip Meyer ; traducción de José Luis Dader. |
| 260 |
_aBarcelona (España) _bBosch Comunicación _c1993 |
||
| 300 | _a330 páginas | ||
| 490 | 0 |
_aColección Bosch Comunicación _v5 |
|
| 504 | _aIncluye bibliografía e índice. | ||
| 650 | 0 | 4 |
_aPeriodismo investigativo _921353 |
| 650 | 0 | 4 |
_aPeriodismo _921340 |
| 650 | 0 | 4 |
_aPeriodismo _vMétodos estadísticos _97909 |
| 650 | 0 | 4 |
_aPeriodismo _xInnovaciones tecnológicas _929493 |
| 700 | 1 |
_aDader, José Luis _etr. _9171736 |
|
| 765 | 4 | _aThe new precision journalism. | |
| 942 |
_cLIBRO _a24 _e1 _mM612p _2DEWEY _h070.44 |
||
| 999 |
_c91722 _d91722 |
||